| 000 | 00421nam a2200157Ia 4500 | ||
|---|---|---|---|
| 008 | 151213s9999 xx 000 0 und d | ||
| 100 | _aEbest, S.B. | ||
| 245 |
_aWriting from A to Z: _bThe easy to use reference handbook _cEbest, S.B. |
||
| 250 | _a4th | ||
| 260 |
_aBoston _bMcGraw hill _c2003 |
||
| 300 | _a1792 p. | ||
| 650 | _aEnglish Language | ||
| 650 | _aEnglish Language | ||
| 700 | _aEbest, S.B. | ||
| 999 |
_c1316 _d1316 |
||